书目信息 |
| 题名: |
语言文化研究与探索
|
|
| 作者: | 孙冰 主编 | |
| 分册: | ||
| 出版信息: | 上海 学林出版社 2004 |
|
| 页数: | 312页 | |
| 开本: | 21cm | |
| 丛书名: | 上海财经大学国际文化交流学院学术丛书 | |
| 单 册: | ||
| 中图分类: | H0-53 | |
| 科图分类: | ||
| 主题词: | 文化语言学--研究 , 文化语言学 | |
| 电子资源: | ||
| ISBN: | 7-80668-811-0 | |
| 000 | 00911oam2 2200253 450 | |
| 001 | 002789944 | |
| 005 | 20061109103013.60 | |
| 010 | @a7-80668-811-0@dCNY19.00 | |
| 100 | @a20050104d2004 emky0chiy0110 ea | |
| 101 | 0 | @achi |
| 102 | @aCN@b310000 | |
| 105 | @ay z 000yy | |
| 200 | 1 | @a语言文化研究与探索@9yu yan wen hua yan jiu yu tan suo@f孙冰主编 |
| 210 | @a上海@c学林出版社@d2004 | |
| 215 | @a312页@d21cm | |
| 225 | 2 | @a上海财经大学国际文化交流学院学术丛书 |
| 330 | @a本书共收录了25篇论文,包括:《介词短语作修辞语时在句中的分布位置》、《语体研究和行为理论》、《范畴化和语言研究的哲学前提》、《量词与形容词的互相选择》、《中国古代文学风格理论探微》等。 | |
| 461 | 0 | @12001 @a上海财经大学国际文化交流学院学术丛书 |
| 606 | 0 | @a文化语言学@x研究 |
| 606 | 0 | @a文化语言学 |
| 690 | @aH0-53@v4 | |
| 701 | 0 | @a孙冰@9sun bing@c(语言文字)@4主编 |
| 801 | 0 | @aCN@bNLC@c20061109 |
| 905 | @a10447@dH0-53@e142 | |
| 语言文化研究与探索/孙冰主编.-上海:学林出版社,2004 |
| 312页;21cm.-(上海财经大学国际文化交流学院学术丛书) |
| ISBN 7-80668-811-0:CNY19.00 |
| 本书共收录了25篇论文,包括:《介词短语作修辞语时在句中的分布位置》、《语体研究和行为理论》、《范畴化和语言研究的哲学前提》、《量词与形容词的互相选择》、《中国古代文学风格理论探微》等。 |
| ● |
| 相关链接 |
|
|
|
|
正题名:语言文化研究与探索
索取号:H0-53/142
 
预约/预借
| 序号 | 登录号 | 条形码 | 馆藏地/架位号 | 状态 | 备注 |
| 1 | 0385476 | 203854766 | 第二样本阅览室/ [索取号:H0-53/142] | 在馆 | |
| 2 | 0385477 | 203854775 | 第四借阅区/ [索取号:H0-53/142] | 在馆 | |
| 3 | 0385478 | 203854784 | 第四借阅区/ [索取号:H0-53/142] | 在馆 | |
| 4 | 0385479 | 203854793 | 第四借阅区/ [索取号:H0-53/142] | 在馆 | |
| 5 | 0385480 | 203854800 | 第四借阅区/ [索取号:H0-53/142] | 在馆 |